ដំណើស្វែងរកស្ដេចត្រី / (Record no. 1629)
[ view plain ]
| 000 -LEADER | |
|---|---|
| fixed length control field | 02717nam a22003137a 4500 |
| 001 - CONTROL NUMBER | |
| control field | 1629 |
| 003 - CONTROL NUMBER IDENTIFIER | |
| control field | FISKH |
| 005 - DATE AND TIME OF LATEST TRANSACTION | |
| control field | 20230912082919.0 |
| 008 - FIXED-LENGTH DATA ELEMENTS--GENERAL INFORMATION | |
| fixed length control field | 230912b cb ||||| |||| 00| 0 khr d |
| 020 ## - INTERNATIONAL STANDARD BOOK NUMBER | |
| International Standard Book Number | 9789924340485 |
| 040 ## - CATALOGING SOURCE | |
| Original cataloging agency | FISKH |
| Language of cataloging | eng |
| Transcribing agency | FISKH |
| Modifying agency | FISKH |
| 082 ## - DEWEY DECIMAL CLASSIFICATION NUMBER | |
| Classification number | 597 |
| 100 ## - MAIN ENTRY--PERSONAL NAME | |
| Personal name | Wei, Zhang |
| 245 ## - TITLE STATEMENT | |
| Title | ដំណើស្វែងរកស្ដេចត្រី / |
| Statement of responsibility, etc. | បកប្រែពីភាសាចិនដោយ ងួន ស៊ីវងីម - រូបភាពក្របដោយ សេង វិសុទ្ធ |
| 250 ## - EDITION STATEMENT | |
| Edition statement | បោះពុម្ពលើកទី២ ខែមករា ឆ្នាំ២០២១ |
| 260 ## - PUBLICATION, DISTRIBUTION, ETC. | |
| Place of publication, distribution, etc. | Phnom Penh : |
| Name of publisher, distributor, etc. | Sipar, |
| Date of publication, distribution, etc. | 2015. |
| 300 ## - PHYSICAL DESCRIPTION | |
| Extent | 200 pages : |
| Other physical details | illustrations ; |
| Dimensions | 19 cm |
| 490 ## - SERIES STATEMENT | |
| Series statement | អក្សរសិល្ប៍យុវវ័យ |
| 505 ## - FORMATTED CONTENTS NOTE | |
| Formatted contents note | Z' |
| 520 ## - SUMMARY, ETC. | |
| Summary, etc. | ខ្ញុំស្រែកមួយម៉ាត់ រួចប្រញាប់ចូលទៅក្នុងទឹកវិញ ហើយហែលទៅកាន់ទីនោះយ៉ាងលឿន។ នៅពេលទៅជិតដល់ខ្លួនគាត់ ស្រាប់តែមិនឃើញមនុស្ស គាត់ដូចជាជ្រមុជចុះទៅក្នុងទឹកហើយបក់ដៃរវិចៗ។ ខ្ញុំក៏ជ្រមុជទៅដែរ នៅក្រោមពន្លឺចំណាំងផ្លាតរបស់ព្រះច័ន្ទ មើលម្រាមជើងខ្លួនក្លាយទៅជាពន្លឺពីរ ប្រឹងធាក់ទឹកពេលចូលជិត ខ្ញុំដូចជាបានចូលមាត់ប្រហោងទឹកហើយ។ ព្រះអើយលើកនេះប្រាកដណាស់ ខ្ញុំឃើញស្រមោលខ្មៅមួយវែងធំកំពុងកម្រើកចុះឡើង។ |
| 520 ## - SUMMARY, ETC. | |
| Summary, etc. | I screamed and hurried back into the water and swam there. When nearly got close to him, suddenly he was disappear, as if he was diving into the water and waving his hand. I also dived under the reflection of the moon, watching my toes become two lights, trying to kick the water as it approached as if it had entered the mouth of a water hole. God, this time for sure I see a long black shadow moving up and down. |
| 521 8# - TARGET AUDIENCE NOTE | |
| Target audience note | 920<br/> |
| Source | Lexile estimate <br/> |
| 521 8# - TARGET AUDIENCE NOTE | |
| Target audience note | Z'<br/> |
| Source | Raz-Plus <br/> |
| 650 ## - SUBJECT ADDED ENTRY--TOPICAL TERM | |
| Topical term or geographic name entry element | ស្រែក |
| Form subdivision | ហែល |
| General subdivision | បាត់ |
| Chronological subdivision | ចំណាំងផ្លាត |
| 650 ## - SUBJECT ADDED ENTRY--TOPICAL TERM | |
| Topical term or geographic name entry element | Scream |
| Form subdivision | Dive |
| General subdivision | Disappear |
| Chronological subdivision | Reflection |
| 700 ## - ADDED ENTRY--PERSONAL NAME | |
| Personal name | Sivngim, Nguon |
| Relator term | Translator |
| 700 ## - ADDED ENTRY--PERSONAL NAME | |
| Personal name | Visoth, Seng |
| Relator term | illustrator |
| 942 ## - ADDED ENTRY ELEMENTS (KOHA) | |
| Source of classification or shelving scheme | Dewey Decimal Classification |
| Koha item type | Khmer Books |
| Suppress in OPAC | No |
| Withdrawn status | Lost status | Source of classification or shelving scheme | Damaged status | Not for loan | Collection | Home library | Current library | Shelving location | Date acquired | Total Checkouts | Full call number | Barcode | Date last seen | Copy number | Price effective from | Koha item type | Date last checked out |
|---|---|---|---|---|---|---|---|---|---|---|---|---|---|---|---|---|---|
| Dewey Decimal Classification | Khmer Language Books / សៀវភៅភាសាខ្មែរ | Footprints International School Library Network Toul Kork Campus | Footprints International School Library Network Toul Kork Campus | TK Campus, Room B402, Khmer Book Case 16, Shelves 112-123 / ទូរសៀវភៅខ្មែរលេខ ១៦ ធ្នើរ ១១២ ដល់ ១២៣ បន្ទប់ B402 សាខាទួលគោក | 09/12/2023 | WEI 597 | 2023-0573 | 09/12/2023 | 1 | 09/12/2023 | Khmer Books | ||||||
| Dewey Decimal Classification | Khmer Language Books / សៀវភៅភាសាខ្មែរ | Footprints International School Library Network Toul Tom Poung Campus | Footprints International School Library Network Toul Tom Poung Campus | TTP Secondary Khmer Bookshelves | 09/12/2023 | 2 | WEI 597 | 2023-0574 | 04/21/2026 | 2 | 09/12/2023 | Khmer Books | 04/10/2026 |
